Normal view
MARC view
- Lyons, Arthur
Entry Personal Name
001 - CONTROL NUMBER
- control field: 111788
003 - CONTROL NUMBER IDENTIFIER
- control field: NUST
005 - DATE AND TIME OF LATEST TRANSACTION
- control field: 20230412111132.0
008 - FIXED-LENGTH DATA ELEMENTS
- fixed length control field: 230412|| aca||aabn | a|a d
040 ## - CATALOGING SOURCE
- Original cataloging agency: NUST
- Transcribing agency: NUST
100 ## - HEADING--PERSONAL NAME
- Personal name: Lyons, Arthur
670 ## - SOURCE DATA FOUND
- Source citation: Work cat.: (NUST): Lyons, Arthur., Materials For Architects And Builders /, 2020.
